000 00673cam a2200217 4500500
005 20260329002645.0
041 _afre
042 _adc
100 1 0 _aCharnay, Julien
_eauthor
245 0 0 _a« Beppe Grillo a réussi à traduire dans les urnes le message des Indignés »
260 _c2013.
500 _a39
690 _aBeppe Grillo
690 _aÉlections
690 _aItalie
690 _aMichela Marzano
690 _aPolitique
690 _aPopulisme
786 0 _nPhilosophie magazine | 68 | 4 | 2013-04-01 | p. 11-12 | 1951-1787
856 4 1 _uhttps://shs.cairn.info/magazine-philosophie-magazine-2013-4-page-11?lang=fr&redirect-ssocas=7080
999 _c1817104
_d1817104